000 00556nam a2200205Ia 4500
003 OSt
005 20230527111617.0
008 210423s2010 xx 000 0 und d
020 _a9780749459703
040 _cAL
041 _aeng
082 _a659.2 RICN
100 _aRICHARDSON (Neil);LAVILLE (Lucy).
_991451
245 _aCreating success: develop your PR skills.
260 _aLondon
_bKogan Page Ltd
_c2010
300 _avii,168
_bPB
365 _b160
_cINR
906 _aCreating ; develop ; PR ; skills. ; success: ; your
942 _2ddc
_cBK
999 _c160449
_d160449